000 00229nam a2200097Ia 4500
008 230915s9999 xx 000 0 und d
050 _aTR 149 .M58 1965
100 _aMOORE JOHN
245 0 _aDISCOVERING PHOTOGRAPHY
942 _cBK
999 _c205572
_d205572